|
|
|
|
| LEADER |
02227nam a22003737a 4500 |
| 001 |
32861 |
| 003 |
BD-DhAAL |
| 005 |
20250807152035.0 |
| 008 |
180401t2016 bg a|||| |||| 001 0 ben d |
| 020 |
|
|
|a 9789847762784 (VOL. V)
|
| 020 |
|
|
|a 9789847763040 (Set)
|
| 040 |
|
|
|a BD-DhAAL
|d BD-DhAAL
|
| 041 |
|
|
|a ben
|
| 082 |
|
|
|a 891.4437
|2 22
|
| 100 |
|
|
|a ঠাকুর, রবীন্দ্রনাথ
|9 25298
|
| 245 |
|
|
|a রবীন্দ্র-রচনাবলী,
|n পঞ্চম খণ্ড /
|c রবীন্দ্রনাথ ঠাকুর, সৈয়দ আকরাম হোসেন সম্পাদিত
|
| 246 |
|
|
|a Rabindra-Rachanabali
|
| 260 |
|
|
|a ঢাকা :
|b ঐতিহ্য,
|c c২০১৬ [দ্বিতীয় মুদ্রণ ২০২২]
|
| 300 |
|
|
|a ৮৩২ পৃষ্ঠা ;
|c ২৩ সে. মি.
|
| 362 |
|
|
|a পঞ্চম খণ্ড
|
| 500 |
|
|
|a ইনডেক্স অন্তর্ভূক্ত
|
| 526 |
|
|
|a OCA
GenEd (Residential Campus)
|
| 541 |
|
|
|a Office of Co-Curricular Activities
Development Book Agency
|e 32861, 40602
|
| 600 |
|
|
|a Tagore, Rabindranath,
|x Fiction
|y 1861-1941
|9 25293
|
| 600 |
|
|
|a ঠাকুর, রবীন্দ্রনাথ
|x রচনাবলী
|y ১৮৬১-১৯৪১
|9 25294
|
| 700 |
|
|
|a হোসেন, সৈয়দ আকরাম
|9 25295
|
| 700 |
|
|
|a ফিরোজ, আবুল বাশার
|9 25296
|
| 700 |
|
|
|a আর্যু, অস্ট্রিক
|9 25297
|
| 852 |
|
|
|a Ayesha Abed Library
|c General Stacks
|
| 942 |
|
|
|2 ddc
|c BK
|
| 999 |
|
|
|c 39199
|d 39199
|
| 952 |
|
|
|0 0
|1 0
|2 ddc
|4 0
|6 891_443700000000000_TAG
|7 0
|9 63037
|a BRACUL
|b BRACUL
|c GEN
|d 2018-03-29
|e Office of Co-Curricular Activities
|g 616.67
|l 3
|m 31
|o 891.4437 TAG
|p 3010032861
|r 2026-04-23
|s 2025-09-21
|t 1
|v 616.67
|w 2018-03-29
|y BK
|
| 952 |
|
|
|0 0
|1 0
|2 ddc
|4 0
|6 891_443700000000000_TAG
|7 0
|9 63080
|a BRACUL
|b BRACUL
|c GEN
|d 2018-04-11
|e Oitijjhya
|g 616.67
|l 4
|m 44
|o 891.4437 TAG
|p 3010032921
|r 2025-08-26
|s 2024-12-05
|t 2
|v 616.67
|w 2018-04-11
|y BK
|
| 952 |
|
|
|0 0
|1 0
|2 ddc
|4 0
|6 891_443700000000000_TAG
|7 0
|9 72677
|a SCL
|b SCL
|c GEN
|d 2023-01-05
|e Development Book Agency
|g 1200.00
|l 2
|m 3
|o 891.4437 TAG
|p 3020040602
|r 2025-08-25
|s 2025-07-23
|t 3
|v 1200.00
|w 2023-01-05
|y BK
|